ნორმალური ფორმატი
MARC ფორმატი
ჩანაწერი Personal Name
ჩანაწერთა რაოდენობა, რომელიც გამოყენებულია: 1
001 - CONTROL NUMBER
- control field: 6639
003 - CONTROL NUMBER IDENTIFIER
- control field: GE_BSU
005 - DATE AND TIME OF LATEST TRANSACTION
- control field: 20200131144235.0
008 - FIXED-LENGTH DATA ELEMENTS
- fixed length control field: 200131|| aca||aabn | a|a d
040 ## - CATALOGING SOURCE
- Original cataloging agency: GE_BSU
- Transcribing agency: GE_BSU
100 ## - HEADING--PERSONAL NAME
- Personal name: Bender,Michael, Peter J. Valletutti, Carol Ann Baglin
670 ## - SOURCE DATA FOUND
- Source citation: Work cat.: (GE_BSU)49679: Bender,Michael, Peter J. Valletutti, Carol Ann Baglin, A Functional Assessment and Curriculum for Teaching Students With Disabilities
